=LDR 00000nam 2200000 4500 =001 INLIS000000000024221 =005 20130612122824 =008 ***********************************ind** =035 ##$$0010-061300000024221 =041 ##$$a ind =082 ##$$a 330 =090 ##$$a 330, WIN k =100 ##$$a Winardi =245 ##$$a Kapitalisme versus Sosialisme, Suatu Analisis Ekonomi Teoretis, Winardi =260 ##$$a 1986 $b Bandung =300 ##$$a xii, 241 hlm., 23 cm =650 ##$$a Ekonomi =650 ##$$a Kapitalisme =850 ##$$a NBPNMAT